<?xml version="1.0" encoding="UTF-8"?>
<record
    xmlns:xsi="http://www.w3.org/2001/XMLSchema-instance"
    xsi:schemaLocation="http://www.loc.gov/MARC21/slim http://www.loc.gov/standards/marcxml/schema/MARC21slim.xsd"
    xmlns="http://www.loc.gov/MARC21/slim">

  <leader>02294nas a2200277Ia 4500</leader>
  <controlfield tag="001">R050-R761L</controlfield>
  <controlfield tag="003">IT-CnALBA</controlfield>
  <controlfield tag="008">170116c99999999xx ||||||||||||   ||und||</controlfield>
  <datafield tag="040" ind1=" " ind2=" ">
    <subfield code="a">IT-CnALBA</subfield>
    <subfield code="c">IT-CnALBA</subfield>
  </datafield>
  <datafield tag="041" ind1=" " ind2=" ">
    <subfield code="a">ITALIANO</subfield>
  </datafield>
  <datafield tag="100" ind1=" " ind2=" ">
    <subfield code="a">FULLANI JANI</subfield>
  </datafield>
  <datafield tag="210" ind1=" " ind2=" ">
    <subfield code="a">DOCUMENTAZIONE SUI PAESI DELL'EST</subfield>
  </datafield>
  <datafield tag="222" ind1=" " ind2=" ">
    <subfield code="a">DOCUMENTAZIONE SUI PAESI DELL'EST</subfield>
  </datafield>
  <datafield tag="245" ind1=" " ind2="0">
    <subfield code="a">DOCUMENTAZIONE SUI PAESI DELL'EST. VOL. I. ANNO VI. 1970. </subfield>
  </datafield>
  <datafield tag="250" ind1=" " ind2=" ">
    <subfield code="a">1a ed.</subfield>
  </datafield>
  <datafield tag="260" ind1=" " ind2=" ">
    <subfield code="a">MILANO</subfield>
    <subfield code="b">CESES, CENTRO STUDI R. PROB. ECON. </subfield>
    <subfield code="c">1970</subfield>
  </datafield>
  <datafield tag="300" ind1=" " ind2=" ">
    <subfield code="a">1156 p. </subfield>
  </datafield>
  <datafield tag="310" ind1=" " ind2=" ">
    <subfield code="a">BIMENSILE</subfield>
  </datafield>
  <datafield tag="362" ind1=" " ind2=" ">
    <subfield code="a">Fascicolo: 1-12 / Anno: 6 (1970)</subfield>
  </datafield>
  <datafield tag="500" ind1=" " ind2=" ">
    <subfield code="a">ALBANIA, EFFICIENZA PER L'INDUSTRIA. CINA, RIUNIONI INUTILI. FERMENTO TRA I COMUNISTI JUGOSLAVI. POLONIA, PIANIFICAZIONE. UNGHERIA, LITANIA DELLO SPIRITO CONCILIARE, DOBOSSY LASZOLO, RIFORMA ECONOMICA. PIANO ECONOMICO 1970 IN URSS. MARASMA NEI CONSIGLI DI VELIKANOVA A. ELENCO DELLE FONTI, QUOTIDIANI E PERIODICI. SCARSA PRODUTTIVITA' DEL LAVORO IN ALBANIA DI ENVER ENVER HOXHA. SINDACATO E STATO IMPRENDITORE DI POKORNI ALOIS, CECOSLOVACCHIA. INGUARIBILE POVERT&#xC0; IN JUGOSLAVIA. SLOGAN E OTTIMISMO PRODUTTIVO IN POLONIA DI K. T. TOEPLITZ. ROMANIA, UTILIZZAZIONE DEGLI SPECIALISTI. PROSTITUZIONE A BUDAPEST. RIFORMA ECONOMICA IN UNGHERIA DI R. NYERS. INDICE ONOMASTICO DEGLI AUTORI E INDICE DELLA MATERIA CONFRONTA DOCUMENTO R761M. </subfield>
  </datafield>
  <datafield tag="501" ind1=" " ind2=" ">
    <subfield code="a">Societ&#xE0; San Paolo EM - Piazza San Paolo, 14 - 12051 ALBA (CN)  (non commercial uses only) &#xAE; Copyright 2017</subfield>
  </datafield>
  <datafield tag="520" ind1=" " ind2=" ">
    <subfield code="a">ALBANIA, EFFICIENZA PER L'INDUSTRIA. CINA, RIUNIONI INUTILI. FERMENTO TRA I COMUNISTI JUGOSLAVI. POLONIA, PIANIFICAZIONE. UNGHERIA, LITANIA DELLO SPIRITO CONCILIARE, DOBOSSY LASZOLO, RIFORMA ECONOMICA. PIANO ECONOMICO 1970 IN URSS. MARASMA NEI CONSIGLI DI VELIKANOVA A. ELENCO DELLE FONTI, QUOTIDIANI E PERIODICI. SCARSA PRODUTTIVITA' DEL LAVORO IN ALBANIA DI ENVER ENVER HOXHA. SINDACATO E STATO IMPRENDITORE DI POKORNI ALOIS, CECOSLOVACCHIA. INGUARIBILE POVERT&#xC0; IN JUGOSLAVIA. SLOGAN E OTTIMISMO PRODUTTIVO IN POLONIA DI K. T. TOEPLITZ. ROMANIA, UTILIZZAZIONE DEGLI SPECIALISTI. PROSTITUZIONE A BUDAPEST. RIFORMA ECONOMICA IN UNGHERIA DI R. NYERS. INDICE ONOMASTICO DEGLI AUTORI E INDICE DELLA MATERIA CONFRONTA DOCUMENTO R761M. </subfield>
  </datafield>
  <datafield tag="650" ind1=" " ind2=" ">
    <subfield code="a">PERIODICI</subfield>
  </datafield>
  <datafield tag="942" ind1=" " ind2=" ">
    <subfield code="c">CR</subfield>
  </datafield>
  <datafield tag="957" ind1=" " ind2=" ">
    <subfield code="7">1</subfield>
  </datafield>
  <datafield tag="999" ind1=" " ind2=" ">
    <subfield code="a">14747</subfield>
    <subfield code="b">NO</subfield>
    <subfield code="g">1</subfield>
    <subfield code="c">322705</subfield>
    <subfield code="d">322705</subfield>
  </datafield>
  <datafield tag="952" ind1=" " ind2=" ">
    <subfield code="0">0</subfield>
    <subfield code="1">0</subfield>
    <subfield code="4">0</subfield>
    <subfield code="6">R_050R761L</subfield>
    <subfield code="7">1</subfield>
    <subfield code="a">ALBA</subfield>
    <subfield code="b">ALBA</subfield>
    <subfield code="d">2017-01-16</subfield>
    <subfield code="l">0</subfield>
    <subfield code="o">R050-R761L</subfield>
    <subfield code="r">2017-01-16 00:00:00</subfield>
    <subfield code="w">2017-01-16</subfield>
    <subfield code="y">CR</subfield>
    <subfield code="z">(data import: 16 gennaio 2017) - By Epidotti, Vaglietti. </subfield>
  </datafield>
</record>
